000 00649nam a22002417a 4500
003 UA-OsUOA
001 40579
007 ta
008 20060811b un ||||| |||| 00| 0 ukr d
100 _aКоцюбинська Михайлина
090 _a130.122
_bК75
942 _cBK
040 _aUA-OsUOA
_bukr
_cUA-OsUOA
_dUA-OsUOA
245 _aВітер з України і наші екзестенційні зусилля
300 _a30 с.
955 _a1
041 _aukr
080 _a130.122
020 _a966-518-327-3
260 _aК.
_bКМА
_c2005
650 7 _a1 Філософські науки
_2UDC
999 _c326720
_d326720